[Event "FTX Crypto Cup Prelim"]
[Site "chess24.com INT"]
[Date "2021.05.23"]
[Round "1.1"]
[White "Svidler, Peter"]
[Black "Aronian, Levon"]
[Result "1-0"]
[WhiteTitle "GM"]
[BlackTitle "GM"]
[WhiteElo "2714"]
[BlackElo "2781"]
[WhiteFideId "4102142"]
[BlackFideId "13300474"]
[EventDate "2021.05.23"]

1. e4 e5 2. Nf3 Nc6 3. Bc4 Bc5 4. c3 Nf6 5. d3 d6 6. O-O O-O 7. Re1 a5 8. Nbd2
Be6 9. Bb5 Qb8 10. Nf1 Qa7 11. d4 exd4 12. Bxc6 dxc3 13. Ba4 Bxf2+ 14. Kh1 Bxe1
15. Qxe1 Ng4 16. h3 Nf2+ 17. Kh2 cxb2 18. Bxb2 Nd3 19. Qc3 Nxb2 20. Qxb2 Qc5 21.
a3 d5 22. Rc1 Qe7 23. e5 c5 24. Ne3 Rfd8 25. Bb5 a4 26. Qf2 Ra5 27. Bd3 g6 28.
Bb1 d4 29. Nf1 c4 30. Nxd4 Qc5 31. Rd1 Qxe5+ 32. Ng3 Rad5 33. Nf3 Qd6 34. Re1 b5
35. Be4 Qc5 36. Qb2 c3 37. Qc1 Rd2 38. Rf1 Bc4 39. Rg1 Qe3 40. Bc6 f5 41. Re1
Qf2 42. Rg1 c2 43. Nxd2 Rxd2 44. Bf3 Qd4 45. Re1 Kf7 46. Nf1 Bxf1 47. Rxf1 Qc3
48. Kh1 Kg7 49. Qe1 Kf8 50. Bc6 Rd1 51. Qxc3 Rxf1+ 52. Kh2 1-0

[Event "FTX Crypto Cup Prelim"]
[Site "chess24.com INT"]
[Date "2021.05.23"]
[Round "1.4"]
[White "Mamedyarov, Shakhriyar"]
[Black "Carlsen, Magnus"]
[Result "0-1"]
[WhiteTitle "GM"]
[BlackTitle "GM"]
[WhiteElo "2770"]
[BlackElo "2847"]
[WhiteFideId "13401319"]
[BlackFideId "1503014"]
[EventDate "2021.05.23"]

1. Nf3 d5 2. g3 c6 3. Bg2 Bg4 4. d3 Nd7 5. Nbd2 e6 6. e4 Bd6 7. h3 Bh5 8. O-O
Ne7 9. d4 O-O 10. Re1 b5 11. a4 b4 12. c4 bxc3 13. bxc3 Rb8 14. e5 Bc7 15. Ba3
c5 16. Nb3 c4 17. Nc5 Nxc5 18. Bxc5 Ba5 19. Qc1 Qd7 20. Nh4 Rfe8 21. f4 Rb3 22.
Re3 Bg6 23. Nxg6 hxg6 24. g4 Reb8 25. Qe1 Rb2 26. Qh4 Bd8 27. Qe1 Nc6 28. Kh1
Be7 29. Bxe7 Qxe7 30. Qg3 Rb1+ 31. Rxb1 Rxb1+ 32. Kh2 Qa3 33. f5 Qc1 34. h4 gxf5
35. gxf5 Ne7 36. fxe6 Nf5 37. e7 Rb8 38. Re1 Qd2 39. Rb1 Re8 40. Qg5 Ne3 41. Kh1
Qxc3 42. e6 Qxd4 43. exf7+ Kxf7 44. Bf3 Rxe7 45. Bh5+ Ke6 46. Qg6+ Qf6 47. Qg3
Qe5 48. Qg6+ Kd7 49. Bf3 Qe6 50. Qg3 Qd6 51. Qg5 Kc7 52. Re1 Qe5 53. Qg6 Qf4 0-1

[Event "FTX Crypto Cup Prelim"]
[Site "chess24.com INT"]
[Date "2021.05.23"]
[Round "1.6"]
[White "So, Wesley"]
[Black "Grischuk, Alexander"]
[Result "1-0"]
[WhiteTitle "GM"]
[BlackTitle "GM"]
[WhiteElo "2770"]
[BlackElo "2776"]
[WhiteFideId "5202213"]
[BlackFideId "4126025"]
[EventDate "2021.05.23"]

1. d4 d5 2. c4 e6 3. Nc3 c5 4. cxd5 cxd4 5. Qxd4 Nc6 6. Qd1 exd5 7. Qxd5 Bd6 8.
Bg5 Nge7 9. Qd2 h6 10. Rd1 hxg5 11. Qxd6 Qb6 12. Qa3 O-O 13. e3 Nb4 14. Qa4 Bf5
15. e4 Be6 16. a3 Na2 17. Nxa2 Bxa2 18. Qb5 Qe6 19. Bd3 Rfd8 20. Ne2 Nc6 21. O-O
Ne5 22. Nc1 Nxd3 23. Nxa2 a6 24. Qxb7 Nf4 25. Nc3 Rdb8 26. Qd7 Rxb2 27. Qxe6
fxe6 28. g3 Ng6 29. Rd6 Kf7 30. Rd7+ Kf6 31. Rc7 Rd8 32. Rc6 Kf7 33. Rc7+ Kf6
34. Rc6 Kf7 35. Na4 Re2 36. Nc5 Ne5 37. Rxa6 Nf3+ 38. Kg2 g4 39. Ra7+ Kf6 40.
Ra6 Rdd2 41. Nxe6 Kf7 42. Nf4 Rxe4 43. h3 Ne1+ 44. Rxe1 Rxe1 45. hxg4 Ra2 46. g5
Kf8 47. g6 Re8 48. Ne6+ Kg8 49. Ra7 Kh8 50. Nd4 Rf8 51. Nf5 Rb2 52. g4 Rg8 53.
Re7 Rb6 54. Re1 Rgb8 55. Rh1+ Kg8 56. Rd1 Kf8 57. Rh1 Kg8 58. Ne7+ Kf8 59. Nd5 1-0

[Event "FTX Crypto Cup Prelim"]
[Site "chess24.com INT"]
[Date "2021.05.23"]
[Round "1.7"]
[White "Vachier-Lagrave, Maxime"]
[Black "Ding, Liren"]
[Result "1/2-1/2"]
[WhiteTitle "GM"]
[BlackTitle "GM"]
[WhiteElo "2760"]
[BlackElo "2799"]
[WhiteFideId "623539"]
[BlackFideId "8603677"]
[EventDate "2021.05.23"]

1. e4 c6 2. d4 d5 3. e5 Bf5 4. Nf3 e6 5. Be2 c5 6. Be3 cxd4 7. Nxd4 Ne7 8. O-O
Nbc6 9. Bb5 a6 10. Bxc6+ bxc6 11. c4 Qd7 12. Nc3 dxc4 13. Na4 Nd5 14. Nxf5 exf5
15. Rc1 c3 16. Nxc3 Nxe3 17. fxe3 g6 18. Qxd7+ Kxd7 19. Rfd1+ Ke7 20. Ne2 Bh6
21. Kf2 Rhc8 22. Rc5 Rab8 23. b3 Rb5 24. Rdc1 Kd7 25. Nd4 Rxc5 26. Rxc5 Bf8 27.
Rc4 c5 28. Nf3 Ke6 29. Ke2 h6 30. h3 Bg7 31. b4 Bxe5 32. bxc5 Bg7 33. Ra4 Rxc5
34. Rxa6+ Ke7 35. Ne1 Rc1 36. Ra7+ Kf8 37. Ra8+ Ke7 38. Ra7+ Kf8 39. Ra8+ Ke7
40. Ra7+ 1/2-1/2

[Event "FTX Crypto Cup Prelim"]
[Site "chess24.com INT"]
[Date "2021.05.23"]
[Round "1.8"]
[White "Pichot, Alan"]
[Black "Giri, Anish"]
[Result "0-1"]
[WhiteTitle "GM"]
[BlackTitle "GM"]
[WhiteElo "2630"]
[BlackElo "2780"]
[WhiteFideId "110973"]
[BlackFideId "24116068"]
[EventDate "2021.05.23"]

1. e4 c5 2. Nf3 Nc6 3. d4 cxd4 4. Nxd4 e5 5. Nb5 d6 6. c4 g6 7. N1c3 a6 8. Na3
Bg7 9. Nc2 Nf6 10. Be2 O-O 11. Be3 Be6 12. O-O Rc8 13. f3 Nh5 14. Nd5 Bxd5 15.
Qxd5 Nd4 16. Bd3 b5 17. Nxd4 exd4 18. Bg5 Qb6 19. cxb5 Rc5 20. Qb3 Rxg5 21. bxa6
Qxb3 22. axb3 Nf4 23. Bc4 Rxg2+ 24. Kh1 Rxb2 25. Rfb1 Rc2 26. Rc1 d3 27. Rxc2
Bxa1 28. Rc1 Bd4 29. Rd1 Bc5 30. h4 Kg7 31. Kh2 Kf6 32. Kg3 Ke5 0-1

[Event "FTX Crypto Cup Prelim"]
[Site "chess24.com INT"]
[Date "2021.05.23"]
[Round "2.1"]
[White "Aronian, Levon"]
[Black "Giri, Anish"]
[Result "1/2-1/2"]
[WhiteTitle "GM"]
[BlackTitle "GM"]
[WhiteElo "2781"]
[BlackElo "2780"]
[WhiteFideId "13300474"]
[BlackFideId "24116068"]
[EventDate "2021.05.23"]

1. e4 e5 2. Nf3 Nc6 3. Bc4 Nf6 4. Ng5 d5 5. exd5 Na5 6. Bb5+ c6 7. dxc6 bxc6 8.
Be2 h6 9. Nh3 Bd6 10. d3 Nb7 11. Ng1 Nc5 12. Nf3 e4 13. dxe4 Ncxe4 14. O-O O-O
15. Nbd2 Qc7 16. Nc4 Bc5 17. Be3 Rd8 18. Qc1 Bxe3 19. Nxe3 Rb8 20. c3 Bg4 21.
Rd1 Ng5 22. Nxg5 Bxe2 23. Re1 Bh5 24. Nh3 Re8 25. b3 Re6 26. Nc4 Rxe1+ 27. Qxe1
Re8 28. Qd2 Bg4 29. Nf4 g5 30. Nd3 Re2 31. Qc1 Bf5 32. Qd1 Ng4 33. g3 Qe7 34. h3
Bxd3 35. Qxd3 Nxf2 36. Qf5 Re1+ 37. Rxe1 Qxe1+ 38. Kg2 Ne4 39. Qf3 Nxc3 40. h4
Ne4 41. Qe3 Qxe3 42. Nxe3 Nc3 43. a4 Ne4 44. Nf5 Kh7 45. b4 gxh4 46. gxh4 c5 47.
Kf3 Nc3 48. bxc5 Nxa4 49. c6 Nb6 50. h5 a5 51. Ke4 a4 52. Kd4 a3 53. Kc3 Nc4 54.
Nd4 a2 55. Nc2 Ne3 56. Na1 Nd5+ 57. Kc4 Ne7 58. c7 Kg7 59. Kb3 Kf6 60. Kxa2 Kg5
61. Kb3 Kxh5 62. Nc2 Kg5 63. Kc4 h5 64. Kd3 h4 65. Ke2 Kf6 66. Nd4 Nc8 67. Kf3
Ke5 68. Nc6+ Kd6 69. Nd8 Kxc7 70. Nxf7 Nd6 71. Nxd6 Kxd6 72. Kg4 h3 73. Kxh3 1/2-1/2

[Event "FTX Crypto Cup Prelim"]
[Site "chess24.com INT"]
[Date "2021.05.23"]
[Round "2.2"]
[White "Ding, Liren"]
[Black "Pichot, Alan"]
[Result "1-0"]
[WhiteTitle "GM"]
[BlackTitle "GM"]
[WhiteElo "2799"]
[BlackElo "2630"]
[WhiteFideId "8603677"]
[BlackFideId "110973"]
[EventDate "2021.05.23"]

1. Nf3 Nf6 2. g3 g6 3. Bg2 Bg7 4. c4 O-O 5. d4 d6 6. O-O Nc6 7. Nc3 e5 8. d5 Nb8
9. e4 a5 10. Rb1 Na6 11. Re1 Nc5 12. b3 c6 13. dxc6 bxc6 14. Ba3 Qe7 15. Qd2 Rd8
16. Rbd1 Be6 17. h3 Qc7 18. Ng5 Qb6 19. Qe3 Bh6 20. h4 Ne8 21. Bxc5 Qxc5 22.
Qxc5 dxc5 23. Nxe6 fxe6 24. Na4 Bd2 25. Rf1 Nc7 26. Nxc5 Bc3 27. Bh3 Kf7 28. Kg2
Ke7 29. f4 Bd4 30. Nb7 Rdb8 31. fxe5 Bxe5 32. Nc5 Rd8 33. Nd3 Bc3 34. Rf3 Na6
35. Rdf1 Rf8 36. Nf4 Be5 37. Nxe6 Rxf3 38. Rxf3 a4 39. Ng5 a3 40. Rf7+ Kd6 41.
Rxh7 Kc5 42. Rb7 Kd4 43. Nf3+ Kc3 44. Nxe5 Kb2 45. b4 Kxa2 46. c5 Re8 47. Nc4
Rxe4 48. Ra7 Rxc4 49. Be6 1-0

[Event "FTX Crypto Cup Prelim"]
[Site "chess24.com INT"]
[Date "2021.05.23"]
[Round "2.3"]
[White "Grischuk, Alexander"]
[Black "Vachier-Lagrave, Maxime"]
[Result "0-1"]
[WhiteTitle "GM"]
[BlackTitle "GM"]
[WhiteElo "2776"]
[BlackElo "2760"]
[WhiteFideId "4126025"]
[BlackFideId "623539"]
[EventDate "2021.05.23"]

1. d4 Nf6 2. c4 g6 3. Nc3 d5 4. cxd5 Nxd5 5. e4 Nxc3 6. bxc3 Bg7 7. Nf3 c5 8.
Be3 Qa5 9. Qd2 Nc6 10. Rb1 a6 11. Rc1 cxd4 12. cxd4 Qxd2+ 13. Kxd2 e6 14. h4 h6
15. Bd3 O-O 16. Rc5 Bd7 17. Rb1 b5 18. a4 bxa4 19. Rb7 Nb8 20. Ra5 Rc8 21. Rb1
Be8 22. Ke2 Nc6 23. Rxa4 a5 24. Rba1 Rab8 25. Bd2 Rb2 26. R4a2 Rcb8 27. e5 Rxa2
28. Rxa2 a4 29. Bc2 Nb4 30. Bxb4 Rxb4 31. Kd2 Bb5 32. Bd3 Bc6 33. Kc3 Rb3+ 34.
Kc2 Bf8 35. Nd2 Rb4 36. Kc3 Bxg2 37. Be4 Bh3 38. Bc2 Be7 39. h5 gxh5 40. Ra1 Rb8
41. Rxa4 Bg2 42. Be4 Bxe4 43. Nxe4 h4 44. Ra7 Kf8 45. Ra1 Bg5 46. Rh1 Rc8+ 47.
Kd3 Rc1 48. Rh2 Rd1+ 49. Kc4 Kg7 50. f4 Bxf4 51. Rxh4 Bg5 52. Rh3 Rc1+ 53. Kd3
Kg6 54. Rf3 Rg1 55. Nxg5 Rxg5 56. Rf6+ Kg7 57. Ke3 h5 58. Rf4 Rg6 59. Kf3 Rg1
60. Kf2 Rg5 61. Ke3 Kf8 62. Rf6 Rg3+ 63. Kf2 Rg4 64. Rh6 Rxd4 65. Rxh5 Rd5 66.
Ke3 f5 67. Kf4 Rd4+ 68. Kg5 Kg7 69. Rh1 Rg4+ 70. Kh5 Re4 71. Kg5 Rxe5 72. Ra1
Re4 73. Ra7+ Kf8 74. Kf6 Ke8 75. Re7+ Kd8 76. Rh7 f4 77. Rf7 Re3 78. Kg5 e5 79.
Kf5 f3 80. Ke6 e4 81. Kd6 Ke8 82. Re7+ Kf8 83. Ke6 Re2 84. Ra7 f2 0-1

[Event "FTX Crypto Cup Prelim"]
[Site "chess24.com INT"]
[Date "2021.05.23"]
[Round "3.1"]
[White "Caruana, Fabiano"]
[Black "Aronian, Levon"]
[Result "1/2-1/2"]
[WhiteTitle "GM"]
[BlackTitle "GM"]
[WhiteElo "2820"]
[BlackElo "2781"]
[WhiteFideId "2020009"]
[BlackFideId "13300474"]
[EventDate "2021.05.23"]

1. e4 e5 2. Nf3 Nc6 3. d4 exd4 4. Nxd4 Nf6 5. Nxc6 bxc6 6. e5 Qe7 7. Qe2 Nd5 8.
g3 g6 9. c4 Ba6 10. b3 Bg7 11. Bb2 O-O-O 12. Nd2 Rhe8 13. O-O-O Nb6 14. f4 d5
15. Qe3 f6 16. c5 Bxf1 17. cxb6 Ba6 18. bxa7 Kb7 19. Nf3 Qb4 20. Rd4 Qb6 21. Qd2
Bf8 22. Re1 Bc5 23. exf6 Bxd4 24. Bxd4 Rxe1+ 25. Qxe1 c5 26. Qe7 cxd4 27. Qxd8
Qc5+ 28. Kd1 Kxa7 29. f7 d3 30. Nd4 d2 31. Ne2 Bd3 32. Kxd2 Qc2+ 33. Ke3 Qxe2+
34. Kd4 Qe4+ 35. Kc3 Qe1+ 36. Kxd3 Qe4+ 37. Kd2 Qd4+ 38. Ke2 Qe4+ 39. Kf2 Qc2+
40. Kf1 Qb1+ 41. Kg2 Qc2+ 42. Kh3 Qf5+ 43. g4 Qxf7 44. Kg3 Kb7 45. Qh8 Qe7 46.
Qe5 Qc5 47. f5 Qg1+ 48. Kh4 d4 49. Qf4 Qe1+ 50. Kh3 Qc3+ 51. Kg2 d3 52. Qf3+ c6
53. f6 Qc2+ 54. Kh3 d2 55. f7 d1=Q 56. Qxd1 Qxd1 57. f8=Q Qc2 58. Qf7+ Kb6 59.
a4 Ka5 60. Kg3 Kb4 61. h4 c5 62. Qf3 Qd2 63. g5 Qd6+ 64. Kg2 Qd4 65. Kh3 Qe5 66.
Qd3 Qd4 67. Qf3 Qe5 68. Qd3 Qd4 69. Qb5+ Kc3 70. a5 Qe3+ 71. Kg2 Qe4+ 72. Kf2
Qxh4+ 73. Kf3 Qh3+ 74. Kf2 Qf5+ 75. Ke2 Qc2+ 76. Kf3 Qd1+ 77. Kf2 Qd4+ 78. Kf3
Qd5+ 79. Kf2 Qf5+ 80. Ke2 Qg4+ 81. Kf2 Qf4+ 82. Ke2 1/2-1/2

[Event "FTX Crypto Cup Prelim"]
[Site "chess24.com INT"]
[Date "2021.05.23"]
[Round "3.2"]
[White "Radjabov, Teimour"]
[Black "Svidler, Peter"]
[Result "1-0"]
[WhiteTitle "GM"]
[BlackTitle "GM"]
[WhiteElo "2765"]
[BlackElo "2714"]
[WhiteFideId "13400924"]
[BlackFideId "4102142"]
[EventDate "2021.05.23"]

1. Nf3 Nf6 2. c4 c5 3. Nc3 d5 4. cxd5 Nxd5 5. e3 Nxc3 6. dxc3 Qc7 7. e4 e6 8.
Bd3 Bd7 9. Qd2 Bc6 10. Qf4 Qxf4 11. Bxf4 Nd7 12. O-O-O Be7 13. Bc2 f6 14. e5 Nb6
15. exf6 gxf6 16. Rhe1 Kf7 17. Bg3 Rad8 18. Rxd8 Rxd8 19. Bd1 Bf8 20. Nh4 Bh6+
21. f4 Nd5 22. Bh5+ Kg8 23. Rf1 e5 24. Rd1 Rf8 25. Rxd5 Bxd5 26. Nf5 Be6 27.
Nxh6+ Kg7 28. Ng4 1-0

[Event "FTX Crypto Cup Prelim"]
[Site "chess24.com INT"]
[Date "2021.05.23"]
[Round "3.7"]
[White "Pichot, Alan"]
[Black "Grischuk, Alexander"]
[Result "0-1"]
[WhiteTitle "GM"]
[BlackTitle "GM"]
[WhiteElo "2630"]
[BlackElo "2776"]
[WhiteFideId "110973"]
[BlackFideId "4126025"]
[EventDate "2021.05.23"]

1. e4 e6 2. d4 d5 3. Nc3 Nf6 4. e5 Nfd7 5. Nce2 c5 6. c3 Nc6 7. Nf3 cxd4 8. cxd4
f6 9. exf6 Nxf6 10. Ng3 Qb6 11. Bd3 Bb4+ 12. Bd2 Nxd4 13. Nxd4 Qxd4 14. O-O O-O
15. Ne2 Qb6 16. Be3 Bc5 17. Bxc5 Qxc5 18. Qc1 Qd6 19. f4 Qb6+ 20. Kh1 Bd7 21.
Qc3 Bb5 22. Bxb5 Qxb5 23. Qe5 Rae8 24. Ng3 Ng4 25. Qd4 Qc4 26. Qxa7 Rxf4 27.
Rxf4 Qxf4 28. Rf1 Qb4 29. a3 Qb5 30. Rf4 Rc8 31. Rf1 Qxb2 32. h3 Nf6 33. Qe3 Re8
34. Qg5 Qd4 35. Kh2 Rf8 36. Rf3 h6 37. Qc1 Qe5 38. Kh1 Qd6 39. Qb1 b6 40. Qg6
Qe5 41. Qb1 Qd6 42. Qg6 b5 43. Qb1 Qd7 44. Qg6 Qe7 45. Qb1 Qd7 46. Qg6 d4 47.
Ne2 e5 48. Ng3 Qf7 49. Qb1 Qd7 50. Qg6 Kh8 51. Ne4 Qe7 52. Ng3 Qf7 53. Qb1 Qe8
54. Qb4 Nh7 55. Rxf8+ Nxf8 56. Qd6 Ng6 57. Kh2 Kh7 58. Qd5 Qf8 59. Qe4 Qf4 60.
Qd3 h5 61. Kh1 h4 62. Ne4 Qf5 63. Qe2 Nf4 64. Qf3 d3 65. Kh2 Kh6 66. Kh1 Qh5 67.
Qf2 Kh7 68. Kh2 Kh6 69. Kh1 g5 70. Qb6+ Qg6 71. Qb7 g4 72. Nf2 gxh3 73. gxh3 d2
74. Qf3 Qg3 75. Qc6+ Kh5 76. Qe8+ Ng6 0-1

[Event "FTX Crypto Cup Prelim"]
[Site "chess24.com INT"]
[Date "2021.05.23"]
[Round "3.8"]
[White "Giri, Anish"]
[Black "Ding, Liren"]
[Result "1-0"]
[WhiteTitle "GM"]
[BlackTitle "GM"]
[WhiteElo "2780"]
[BlackElo "2799"]
[WhiteFideId "24116068"]
[BlackFideId "8603677"]
[EventDate "2021.05.23"]

1. c4 e5 2. g3 Nf6 3. Bg2 d5 4. cxd5 Nxd5 5. Nf3 Nc6 6. O-O Nb6 7. Nc3 Be7 8. d3
O-O 9. Be3 Re8 10. Rc1 Bf8 11. Bg5 Qd7 12. Ne4 h6 13. Bd2 a5 14. Nc5 Bxc5 15.
Rxc5 Qd6 16. Rc1 Be6 17. a3 a4 18. Be3 Bb3 19. Qe1 Bd5 20. Bc5 Qe6 21. e4 Bb3
22. Qc3 Nd7 23. Be3 Nf6 24. Nd2 Ba2 25. f4 Rad8 26. Nf3 exf4 27. Bxf4 Rd7 28.
Rfe1 Bb3 29. Nd2 Red8 30. Nxb3 Rxd3 31. Qxd3 Rxd3 32. Nc5 Qe7 33. Nxd3 g5 34.
Be3 Ng4 35. Bc5 Qe6 36. e5 1-0

[Event "FTX Crypto Cup Prelim"]
[Site "chess24.com INT"]
[Date "2021.05.23"]
[Round "4.1"]
[White "Aronian, Levon"]
[Black "Ding, Liren"]
[Result "1/2-1/2"]
[WhiteTitle "GM"]
[BlackTitle "GM"]
[WhiteElo "2781"]
[BlackElo "2799"]
[WhiteFideId "13300474"]
[BlackFideId "8603677"]
[EventDate "2021.05.23"]

1. d4 Nf6 2. Nf3 d5 3. Bf4 c5 4. e3 e6 5. c3 Qb6 6. Qb3 c4 7. Qc2 Bd6 8. Bxd6
Qxd6 9. b3 cxb3 10. axb3 O-O 11. Nbd2 Nc6 12. Bd3 Bd7 13. O-O Rfc8 14. Qb2 a5
15. Rfc1 b6 16. Bf1 h6 17. c4 Nb4 18. Ne5 Ra7 19. Qa3 Qf8 20. cxd5 exd5 21. Nd3
Nc2 22. Qxf8+ Kxf8 23. Rab1 Rac7 24. Ne5 Nb4 25. Nxd7+ Nxd7 26. Rxc7 Rxc7 27.
Rb2 Rc1 28. f3 f5 29. Kf2 Ke7 30. Nb1 Nf6 31. Na3 Ne8 32. Rb1 Rc3 33. Ke2 Nd6
34. Kd2 Rc8 35. Rc1 Rxc1 36. Kxc1 f4 37. exf4 Nc6 38. Nc2 Nf5 39. Kd2 Ncxd4 40.
Nxd4 Nxd4 41. Kc3 Nc6 42. g4 Kd6 43. h4 Kc5 44. f5 d4+ 45. Kd2 Kb4 46. g5 hxg5
47. hxg5 Kxb3 48. Bb5 Ne7 49. f6 gxf6 50. gxf6 Ng6 51. Kd3 a4 52. Kxd4 a3 53.
Bc4+ Kb2 54. Bd5 Nf8 55. f7 a2 56. Bxa2 Kxa2 57. Kc4 Kb2 58. Kb5 Kc3 59. Kxb6
Kd4 60. Kc7 Ke5 61. Kd8 Kf6 62. Ke8 Nh7 63. f4 Kf5 64. f8=Q+ Nxf8 65. Kxf8 Kxf4 1/2-1/2

[Event "FTX Crypto Cup Prelim"]
[Site "chess24.com INT"]
[Date "2021.05.23"]
[Round "4.2"]
[White "Grischuk, Alexander"]
[Black "Giri, Anish"]
[Result "0-1"]
[WhiteTitle "GM"]
[BlackTitle "GM"]
[WhiteElo "2776"]
[BlackElo "2780"]
[WhiteFideId "4126025"]
[BlackFideId "24116068"]
[EventDate "2021.05.23"]

1. d4 Nf6 2. c4 g6 3. Nc3 d5 4. cxd5 Nxd5 5. e4 Nxc3 6. bxc3 Bg7 7. Nf3 c5 8.
Rb1 O-O 9. Be2 cxd4 10. cxd4 Qa5+ 11. Bd2 Qxa2 12. h3 Qe6 13. Bd3 a5 14. O-O a4
15. Qe2 a3 16. Bc4 Qd7 17. Bc3 Nc6 18. Rfd1 e6 19. Qa2 Rd8 20. Bb5 Qc7 21. Rb3
Bd7 22. d5 Bxc3 23. Rxc3 exd5 24. exd5 Qd6 25. Qa1 a2 26. dxc6 Qxd1+ 27. Qxd1
a1=Q 28. Rc1 Bxc6 29. Rxa1 Rxd1+ 30. Rxd1 Bxb5 31. Rb1 Bc6 32. Nd4 Bd5 33. Rb5
Rd8 34. Rb4 Kf8 35. f3 Ke7 36. Rb6 Rd6 37. Rb2 Ra6 38. Rd2 Ra2 39. Rd1 Rb2 40.
Nf5+ Ke6 41. Ng7+ Ke5 42. Ne8 Be6 43. Re1+ Kd4 44. Nf6 h5 45. h4 b5 46. g4 b4
47. gxh5 gxh5 48. Nxh5 b3 49. Ng3 Ra2 50. h5 b2 51. h6 Ra1 52. h7 Rxe1+ 53. Kf2
b1=Q 54. h8=Q+ Kc4 55. Qh4+ Kb3 56. Qd4 Rc1 57. Ne2 Rc4 58. Qb6+ Kc2 59. Qa7 Qb2 0-1

[Event "FTX Crypto Cup Prelim"]
[Site "chess24.com INT"]
[Date "2021.05.23"]
[Round "4.4"]
[White "Carlsen, Magnus"]
[Black "Vachier-Lagrave, Maxime"]
[Result "0-1"]
[WhiteTitle "GM"]
[BlackTitle "GM"]
[WhiteElo "2847"]
[BlackElo "2760"]
[WhiteFideId "1503014"]
[BlackFideId "623539"]
[EventDate "2021.05.23"]

1. e4 c5 2. Nc3 d6 3. f3 Nc6 4. Bb5 g6 5. Nge2 Bg7 6. d4 cxd4 7. Nxd4 Bd7 8. Be3
Nf6 9. Qd2 O-O 10. O-O-O Rc8 11. Be2 a6 12. Kb1 b5 13. g4 Nxd4 14. Bxd4 e5 15.
Be3 b4 16. Nd5 Nxd5 17. exd5 e4 18. fxe4 Re8 19. Bd4 Rxe4 20. Bxg7 Kxg7 21. h3
a5 22. Rhf1 Qe7 23. Bd3 Re5 24. Qf2 Rxd5 25. Rde1 Re5 26. Qd4 Rc5 27. Re4 Be6
28. b3 Kg8 29. Rfe1 Rxe4 30. Rxe4 Qc7 31. h4 Re5 32. g5 Rxe4 33. Qxe4 Qc5 34.
Qa8+ Kg7 35. Qf3 Qg1+ 36. Kb2 Qd4+ 37. Kb1 h5 38. Qf1 Bd5 39. Qe1 Kf8 40. Qg3
Ke7 41. Qe1+ Be6 42. Qh1 Bd5 43. Qe1+ Qe5 44. Qf2 Be6 45. Qf1 Bf5 46. Bxf5 gxf5
47. Qd1 f4 48. Qxh5 Qe1+ 49. Kb2 Qc3+ 50. Kb1 f3 51. g6 Qe1+ 52. Kb2 f2 53. Qg5+
f6 0-1

[Event "FTX Crypto Cup Prelim"]
[Site "chess24.com INT"]
[Date "2021.05.23"]
[Round "4.7"]
[White "Svidler, Peter"]
[Black "Mamedyarov, Shakhriyar"]
[Result "1/2-1/2"]
[WhiteTitle "GM"]
[BlackTitle "GM"]
[WhiteElo "2714"]
[BlackElo "2770"]
[WhiteFideId "4102142"]
[BlackFideId "13401319"]
[EventDate "2021.05.23"]

1. e4 e5 2. Nf3 Nc6 3. Bc4 Bc5 4. c3 Nf6 5. d3 d6 6. O-O h6 7. Re1 O-O 8. Nbd2
a6 9. a4 Ne7 10. d4 Ba7 11. h3 Ng6 12. Bf1 c6 13. a5 Re8 14. Qc2 d5 15. exd5
exd4 16. Rxe8+ Qxe8 17. Nxd4 Nxd5 18. N2f3 Ne5 19. Bd2 Nxf3+ 20. Nxf3 Be6 21. c4
Ne7 22. Bc3 Rd8 23. Rd1 Rxd1 24. Qxd1 Qd7 25. Qxd7 Bxd7 26. b4 f6 27. Nd2 Kf7
28. Ne4 Ke6 29. Nc5+ Bxc5 30. bxc5 g5 31. f3 h5 32. g4 hxg4 33. hxg4 Ng6 34. Kf2
Kf7 35. Ke3 Be6 36. Bd3 Kg7 37. Be2 Kf7 38. Bd3 Kg7 39. Be2 Kf7 40. Bd3 1/2-1/2

[Event "FTX Crypto Cup Prelim"]
[Site "chess24.com INT"]
[Date "2021.05.23"]
[Round "4.8"]
[White "Caruana, Fabiano"]
[Black "Radjabov, Teimour"]
[Result "1/2-1/2"]
[WhiteTitle "GM"]
[BlackTitle "GM"]
[WhiteElo "2820"]
[BlackElo "2765"]
[WhiteFideId "2020009"]
[BlackFideId "13400924"]
[EventDate "2021.05.23"]

1. d4 Nf6 2. c4 e6 3. Nc3 Bb4 4. e3 d5 5. Nf3 c5 6. cxd5 Nxd5 7. Bd2 cxd4 8.
exd4 Nc6 9. Bd3 O-O 10. O-O Be7 11. a3 Bf6 12. Qc2 g6 13. Bh6 Re8 14. Rad1 Bd7
15. Ne4 Be7 16. Qd2 Qa5 17. Qxa5 Nxa5 18. b4 Nc6 19. Nc5 Bc8 20. Rc1 Bf8 21. Bg5
f6 22. Bd2 a5 23. b5 Nce7 24. Rfe1 Kf7 25. g4 h6 26. h4 g5 27. b6 Nxb6 28. Rb1
Ned5 29. hxg5 hxg5 30. Rb5 Nd7 31. Nxe6 Rxe6 32. Rxe6 Nc7 33. Re3 Nxb5 34. Bxb5
Nb6 35. Rc3 Bd6 36. Be2 Be6 37. Ne1 Rc8 38. Rxc8 Nxc8 39. Bxa5 Bxa3 40. Nc2 Bb2
41. Bd8 Ne7 42. Bf3 Bb3 43. Ne3 Bxd4 44. Bxb7 Be6 45. Bxe7 Kxe7 46. Nf5+ Bxf5
47. gxf5 Kd6 48. Kg2 Ke5 49. Bc8 Kf4 50. f3 Be5 51. Be6 Bd4 1/2-1/2

[Event "FTX Crypto Cup Prelim"]
[Site "chess24.com INT"]
[Date "2021.05.23"]
[Round "5.1"]
[White "Radjabov, Teimour"]
[Black "Aronian, Levon"]
[Result "1/2-1/2"]
[WhiteTitle "GM"]
[BlackTitle "GM"]
[WhiteElo "2765"]
[BlackElo "2781"]
[WhiteFideId "13400924"]
[BlackFideId "13300474"]
[EventDate "2021.05.23"]

1. e4 e5 2. Nf3 Nc6 3. Bb5 a6 4. Ba4 Nf6 5. O-O Bc5 6. d3 d6 7. c3 O-O 8. h3 Ne7
9. d4 Ba7 10. dxe5 dxe5 11. Nxe5 Qxd1 12. Bxd1 Nxe4 13. Nd2 Nxd2 14. Bxd2 Rd8
15. Bf4 Be6 16. Re1 Nd5 17. Bg3 Nf6 18. Bf4 c6 19. Bb3 Bxb3 20. axb3 Nd5 21. Bg3
Bb8 22. Rad1 Bxe5 23. Bxe5 f6 24. Bg3 Kf7 25. Rd2 Ne7 26. Red1 Rxd2 27. Rxd2 Ke8
28. Kf1 Rd8 29. Rxd8+ Kxd8 30. f3 Kd7 31. Ke2 h5 32. b4 Nf5 33. Bf2 Ke6 34. g4
hxg4 35. hxg4 Ne7 36. Kd3 f5 37. Bd4 g6 38. c4 b5 39. b3 fxg4 40. fxg4 Ng8 41.
Ke3 Nh6 42. Kf4 Nf7 43. c5 Nd8 44. Bc3 Nf7 45. Bd4 g5+ 46. Ke4 Nh6 47. Kf3 Kd5
48. Bc3 Nf7 49. Bf6 Ke6 50. Bc3 Kd5 51. Bf6 Ke6 52. Bc3 Nh6 53. Bg7 Ng8 54. Ke4
Ne7 55. Bc3 Nd5 56. Bd2 Kf6 57. Be1 Ke6 58. Bd2 Kf6 59. Be1 Ke6 60. Bd2 1/2-1/2

[Event "FTX Crypto Cup Prelim"]
[Site "chess24.com INT"]
[Date "2021.05.23"]
[Round "5.2"]
[White "Mamedyarov, Shakhriyar"]
[Black "Caruana, Fabiano"]
[Result "1-0"]
[WhiteTitle "GM"]
[BlackTitle "GM"]
[WhiteElo "2770"]
[BlackElo "2820"]
[WhiteFideId "13401319"]
[BlackFideId "2020009"]
[EventDate "2021.05.23"]

1. Nf3 d5 2. g3 Nf6 3. Bg2 e6 4. d3 Nc6 5. Nbd2 e5 6. O-O a5 7. c3 Bd6 8. e4
dxe4 9. dxe4 O-O 10. a4 Be6 11. Qe2 Nd7 12. Nc4 h6 13. Rd1 Qe7 14. Nh4 Bc5 15.
Nf5 Bxf5 16. exf5 Rfe8 17. Nd2 Nf6 18. Ne4 Rad8 19. Rxd8 Rxd8 20. Nxc5 Qxc5 21.
Be3 Qd6 22. Qb5 e4 23. Bf4 Qd7 24. Re1 b6 25. Bxe4 Re8 26. f3 Nxe4 27. fxe4 f6
28. Kf2 Rd8 29. Re2 Ne5 30. Bxe5 Qxb5 31. axb5 fxe5 32. Ke3 Rd1 33. Rd2 Re1+ 34.
Kf3 h5 35. Rd5 Rb1 36. Rxe5 Rxb2 37. Re8+ Kf7 38. Rc8 Rxb5 39. Rxc7+ Kf6 40.
Rc6+ Ke7 41. c4 Rc5 42. Rxb6 Rxc4 43. Ra6 a4 44. Kf4 Kf7 45. h3 Rb4 46. g4 Rb3
47. g5 a3 48. g6+ Ke7 49. Ra7+ Kf8 50. e5 1-0